000 00595nmc a2200253 a 4500
003 AR-X00000XY
005 20251128211927.0
008 217020s2006 ||||||||||||||000 | spa||
020 _a968-5964-21-1
040 _cAR-X00000XY
100 1 _aSolar, Francisca
245 1 0 _aLa s7ptima M
246 1 _aLa séptima M
250 _a1ª ed.
260 _a[México]
_bMontena
_c2006
300 0 _a278 p.
490 0 _aSerie Infinita
650 4 _aNOVELAS
650 4 _aGENEROS LITERARIOS
653 0 _aLITERATURA FANTASTICA
655 _aLITERATURA
942 _cBK
998 _cNancy
999 _c21650
_d21650